书目信息 |
| 题名: |
拜占庭帝国
|
|
| 作者: | 葛定华 编 | |
| 分册: | ||
| 出版信息: | 北京 商务印书馆 1982 |
|
| 页数: | 46页 | |
| 开本: | 19cm | |
| 丛书名: | 外国历史小丛书 | |
| 单 册: | ||
| 中图分类: | K134 | |
| 科图分类: | ||
| 主题词: | ||
| 电子资源: | ||
| ISBN: | ||
| 000 | 00656nam2 2200253 45 | |
| 001 | 0182007570 | |
| 005 | 20060815173755.12 | |
| 010 | @dCNY0.16 | |
| 091 | @aCN@b11017.559 | |
| 100 | @a19950410d1982 em y0chiy0121 ea | |
| 101 | 0 | @achi |
| 102 | @aCN@b110000 | |
| 105 | @af z 000yy | |
| 200 | 10 | @a拜占庭帝国@Abai zhan ting di guo@f葛定华著 |
| 210 | @a北京@c商务印书馆@d1982 | |
| 215 | @a46页@c插图@d19cm | |
| 225 | 2 | @a外国历史小丛书 |
| 410 | 0 | @120010@a外国历史小丛书 |
| 607 | @a拜占庭帝国 | |
| 690 | @aK134@v3 | |
| 701 | 0 | @a葛定华@Age ding hua@4编 |
| 801 | 0 | @aCN@bTSSF@c20060815 |
| 801 | 2 | @aCN@bNLC@c20060725 |
| 905 | @a10447@dK134@e127 | |
| 拜占庭帝国/葛定华著.-北京:商务印书馆,1982 |
| 46页:插图;19cm.-(外国历史小丛书) |
| ISBN :CNY0.16 |
| ● |
| 相关链接 |
|
|
|
|
正题名:拜占庭帝国
索取号:K134/127
 
预约/预借
| 序号 | 登录号 | 条形码 | 馆藏地/架位号 | 状态 | 备注 |
| 1 | 0436047 | 204360477 | 密集书库/ [索取号:K134/127] | 在馆 | |
| 2 | 0436048 | 204360486 | 密集书库/ [索取号:K134/127] | 在馆 | |
| 3 | 0460505 | 204605052 | 密集书库/ [索取号:K134/127] | 在馆 |